• 首页
  • 本馆介绍
  • 公告通知
  • 最新文献
  • 馆藏检索
  • 电子资源
  • 读者荐购
  • 参考咨询
  • CALIS
  • 我的图书馆
  • 登录
  • 详细信息显示
  • 放入我的书架
  • 预约/预借图书
  • 作者相关作品
  • 分类相关作品
  • 丛书相关作品
  • 出版社相关作品

书目信息

  • 表格格式
  • 工作单格式
  • 卡片格式
题名:
一级注册建筑师资格考试场地设计模拟作图题
    
 
作者: 任乃鑫 主编 ;郭宇操 编写
分册:  
出版信息: 大连   大连理工大学出版社  2014.11
页数: 311页
开本: 29cm
丛书名: 2015年注册建筑师资格考试系列
单 册:
中图分类: TU204.2
科图分类:
主题词: 建筑制图--jian zhu zhi tu--资格考试--习题集
电子资源:
ISBN: 978-7-5611-9598-7
 
 
 
 
 
000 01269nam 2200289 450
001 CAL 0120141442063
005 20150817134239.01
010    @a978-7-5611-9598-7@dCNY58.00
100    @a20141216d2014 em y0chiy50 ea
101 0  @achi
102    @aCN@b210000
105    @aa q 000yy
106    @ar
200 1  @a一级注册建筑师资格考试场地设计模拟作图题@Ayi ji zhu ce jian zhu shi zi ge kao shi chang di she ji mo ni zuo tu ti@f主编任乃鑫@g编写人员郭宇操 ... [等]
205    @a第8版
210    @a大连@c大连理工大学出版社@d2014.11
215    @a311页@c图@d29cm
225 2  @a2015年注册建筑师资格考试系列@A2015 nian zhu ce jian zhu shi zi ge kao shi xi lie
330    @a本书根据最新修订的注册建筑师资格考试新大纲精神及考试实战情况编著而成, 是编者经过多年的学习与研究编写而成的, 主要读者为参加一级注册建筑师资格考试的建筑设计人员。场地设计作图题考试已经形成了相对固定的题型, 主要内容包括场地分析、场地剖面、室外停车场、场地地形设计、场地布置和场地设计等。
410  0 @12001 @a2015年注册建筑师资格考试系列
586    @a
606 0  @a建筑制图@Ajian zhu zhi tu@x资格考试@j习题集
690    @aTU204.2@v5
701  0 @a任乃鑫@Aren nai xin@4主编
702  0 @a郭宇操@Aguo yu cao@4编写
801  0 @aCN@c20150820
905    @a河南城建学院图书馆@dTU204.2@eR5101@f3
    
    一级注册建筑师资格考试场地设计模拟作图题/主编任乃鑫/编写人员郭宇操 ... [等].-第8版.-大连:大连理工大学出版社,2014.11
    311页:图;29cm.-(2015年注册建筑师资格考试系列)
    
    
    ISBN 978-7-5611-9598-7:CNY58.00
    本书根据最新修订的注册建筑师资格考试新大纲精神及考试实战情况编著而成, 是编者经过多年的学习与研究编写而成的, 主要读者为参加一级注册建筑师资格考试的建筑设计人员。场地设计作图题考试已经形成了相对固定的题型, 主要内容包括场地分析、场地剖面、室外停车场、场地地形设计、场地布置和场地设计等。
●
相关链接 在E读中查询图书 在当当中查询图书 在豆瓣中查询图书


正题名:一级注册建筑师资格考试场地设计模拟作图题     索取号:TU204.2/R5101         预约/预借

序号 登录号 条形码 馆藏地/架位号 状态 备注
1 1165269   211652692   建筑库101/101建筑库 111排6列4层/ [索取号:TU204.2/R5101] 在馆    
2 1165270   211652709   建筑库101/101建筑库 111排6列4层/ [索取号:TU204.2/R5101] 在馆    
3 1165271   211652718   建筑库101/101建筑库 111排6列4层/ [索取号:TU204.2/R5101] 在馆    
河南城建学院图书馆 欢迎您!
大连网信软件有限公司© 版权所有